000 00640nam a22002172 4500
001 0000001751
005 20151217155201.0
008 070326s xx 000 0 eng d
020 _a1861529929 :
_cGBP 29.69
040 _aKABU
_cKABU
050 0 _aHD31
_b.N44 2004
100 1 _aNeedle, David.
_@0000150755
245 1 0 _aBusiness in context :
_ban introduction to business and its environment.
250 _a4th ed.
260 _aLondon :
_bThomson,
_c2004.
300 _axxiii, 646 p.
650 0 _aIndustrial management.
_@0000149957
908 _a070326
950 _@1
999 _c11847
_d11847